Gaming Quiz

Random Gaming or Logic Quiz

Pokemon Gen 5 Logic Puzzle (Hard) Quiz Stats

 Plays Quiz not verified by Sporcle

Score 0/25 Timer 20:00
2 Plays Today
Cell Pokemon/Clue % Correct
A1





???
100%
E1





???
55.1%
D1





???
52.8%
E5





???
51.8%
A5





???
44.8%
A3





???
44.5%
B1





???
43.8%
D3





???
39.3%
C1





???
38.1%
D5





???
26.5%
D2





???
22.2%
E4





???
19.6%
B2





???
19%
Cell Pokemon/Clue % Correct
A2





???
17.8%
D4





???
17.8%
A4





???
17.8%
B4





???
17.7%
C4





???
16.2%
B3





???
14.1%
E2





???
11.8%
C3





???
11.8%
C5





???
11.3%
B5





???
11.2%
C2





???
9.3%
E3





???
8.1%

You're not logged in!

Compare scores with friends on all Sporcle quizzes.
OR
Log In

Show Comments

Extras

Top Quizzes Today


Score Distribution

Your Account Isn't Verified!

In order to create a playlist on Sporcle, you need to verify the email address you used during registration. Go to your Sporcle Settings to finish the process.

Report this User

Report this user for behavior that violates our Community Guidelines.

Details: